000 00570cam a22002053a 4500
001 44041
003 PGUSA
005 20140828084013.0
008 131026s2013||||xxu|||||s|||||000 | eng d
040 _aPGUSA
_beng
042 _adc
100 1 _aPersons, Helen M.
245 1 4 _aThe Mystery of Arnold Hall
_h[electronic resource] /
_cHelen M. Persons
260 _bProject Gutenberg,
_c2013
506 _aPublic domain in the USA.
516 _aElectronic text
830 0 _aProject Gutenberg
_v44041
856 4 0 _uhttp://www.gutenberg.org/ebooks/44041
942 _cEB
999 _c273292
_d273292